00349nam a2200121 a 45000010005000000030005000050050017000100080041000270400020000681000040000882450079001282600020002072250CDMR20130116135226.0130130s1973||||||||||||||||||||||||||||d aCDMRbcatcCDMR1 aBlanco Perez-Molino, Enrique-Carlos13aLa prensa médica española en 1972cEnrique-Carlos Blanco Perez-Molinos aBarcelonac1973